Eastern Utah Libraries Catalog: Duchesne, Heber, Roosevelt, & Vernal

Robert Ludlum's The Bourne dominion : a Jason Boune series / (Record no. 81450)

MARC details
000 -LEADER
fixed length control field 00906nam a22002898a 4500
001 - CONTROL NUMBER
control field BK0009277260
003 - CONTROL NUMBER IDENTIFIER
control field DLC
005 - DATE AND TIME OF LATEST TRANSACTION
control field 20241220131723.0
008 - FIXED-LENGTH DATA ELEMENTS--GENERAL INFORMATION
fixed length control field 090731s2009 onc 000 f eng d
020 ## - INTERNATIONAL STANDARD BOOK NUMBER
International Standard Book Number 9780446564458
040 ## - CATALOGING SOURCE
Original cataloging agency DLC
Transcribing agency DLC
Description conventions rda
082 00 - DEWEY DECIMAL CLASSIFICATION NUMBER
Classification number F Ludlum
092 ## - LOCALLY ASSIGNED DEWEY CALL NUMBER (OCLC)
Classification number F Ludlum
092 ## - LOCALLY ASSIGNED DEWEY CALL NUMBER (OCLC)
Classification number F Ludlum
100 1# - MAIN ENTRY--PERSONAL NAME
Personal name Lustbader, Eric.
9 (RLIN) 10468
245 10 - TITLE STATEMENT
Title Robert Ludlum's The Bourne dominion : a Jason Boune series /
Statement of responsibility, etc Eric Van Lustbader.
260 ## - PUBLICATION, DISTRIBUTION, ETC. (IMPRINT)
Place of publication, distribution, etc New York :
Name of publisher, distributor, etc Grand Central Pub.,
Date of publication, distribution, etc 2011.
263 ## - PROJECTED PUBLICATION DATE
Projected publication date 1107
264 ## - Production, Publication, Distribution, Manufacture, and Copyright Notice.
Place of production, publication, distribution, manufacture New York, NY :
Name of producer, publisher, distributor, manufacturer Grand Central Pub.,
Date of production, publication, distribution, manufacture, or copyr 2011
336 ## - Content Type
Content type term text
337 ## - Media type
Media type term unmediated
338 ## - Carrier type
Carrier type term volume
650 #0 - SUBJECT ADDED ENTRY--TOPICAL TERM
Topical term or geographic name as entry element Bourne, Jason (Fictitious character)
Form subdivision Fiction.
9 (RLIN) 6405031
650 #0 - SUBJECT ADDED ENTRY--TOPICAL TERM
Topical term or geographic name as entry element Intelligence officers
Form subdivision Fiction.
9 (RLIN) 5674266
655 #7 - INDEX TERM--GENRE/FORM
Genre/form data or focus term Spy stories.
Source of term Fiction
9 (RLIN) 6229800
942 ## - ADDED ENTRY ELEMENTS (KOHA)
Koha item type BOOK
Source of classification or shelving scheme Dewey Decimal Classification
Holdings
Withdrawn status Lost status Source of classification or shelving scheme Damaged status Not for loan Collection code Home library Current library Shelving location Date acquired Source of acquisition Cost, normal purchase price Total Checkouts Full call number Barcode Date last seen Cost, replacement price Price effective from Koha item type Total Renewals Date checked out
    Dewey Decimal Classification     Fiction Wasatch County Library Wasatch County Library First Floor 03/08/2019 Donation 9.99   F Ludlum 34301001620766 02/16/2024 9.99 03/20/2020 BOOK    
    Dewey Decimal Classification     Fiction Wasatch County Library Wasatch County Library First Floor 08/02/2011   27.99 11 F Ludlum 34301000997348 02/29/2024 27.99 03/20/2020 BOOK 1 08/14/2023
This project was made possible through a grant from the Institute of Museum and Library Service administered by the Utah State Library Division.

Wasatch County Library

  • 465 East 1200 South, Heber City, Utah 84032
  • Phone 435-654-1511 | Fax 435-654-6456

Hours

  • Monday - Friday 9:30 AM - 8:00 PM
  • Saturday 9:30 AM - 1:30 PM
  • Closed Sundays and Holidays